000
00339nam a2200145 a 4500
003
DLC
005
20210219152747.0
022
_a
0305-5698
035
_a
UPN01000060201
245
0
0
_a
EDUCATIONAL STUDIES (OXFORD, ING)
260
_a
Inglaterra:
_b
Carfax Publishing
310
_a
Cuatrimestral
905
_a
Revista
999
_c
60030
_d
60030